| 000 | 00565nam a2200145Ia 4500 | ||
|---|---|---|---|
| 008 | 100204s9999 xx 000 0 und d | ||
| 082 | _b15105 | ||
| 100 | _aभावे पुरुषोत्तम भास्कर | ||
| 245 | _aनरभक्षकांची पावले | ||
| 260 |
_b"कुलस्वामिनी प्रकाशन , डोंबिवली" _c1991 |
||
| 300 | _a139 | ||
| 630 | _aनरभक्षकांची पावले | ||
| 730 | _aनरभक्षकांची पावले | ||
| 942 | _cBOOK | ||
| 999 |
_c459536 _d459533 |
||